000 01223cam a2200337 a 4500
001 16171750
003 OSt
005 20150408114201.0
008 100405s2010 nyua 001 0 eng
010 _a 2010012159
015 _aGBB032942
_2bnb
016 7 _a015499215
_2Uk
020 _a9780071795913
020 _a0071702997 (alk. paper)
035 _a(OCoLC)ocn607083750
040 _aDLC
_cDLC
_dYDX
_dUKM
_dYDXCP
_dVP@
_dDLC
050 0 0 _aTK7887
_b.M46 2010
082 0 0 _a621.39160288
_222
_bMMM
100 1 _aMeyers, Michael,
_d1961-
245 1 0 _aMike Meyers' CompTIA A+ guide to managing and troubleshooting PCs lab manual (exams 220-801 & 220-802) /
_cMike Meyers, Debby Hallcom.
246 3 _aA+ guide to managing and troubleshooting PCs lab manual
250 _a4th ed.
260 _aNew York :
_bMcGraw-Hill,
_c2012.
300 _axviii, 538 p. :
_bill. ;
_c28 cm.
500 _aIncludes index.
650 0 _aMicrocomputers
_xMaintenance and repair
_xExaminations
_vStudy guides.
_941684
700 1 _aHallcom, Debby.
_941685
906 _a7
_bcbc
_corignew
_d1
_eecip
_f20
_gy-gencatlg
942 _2ddc
_cDVD
999 _c32977
_d267477